00228 a2200097 4500000002500000005001700025100002200042245004200064250000600106260001800112 nam a22 7a 450020260204180206.0 aKeller, Edward A. aIntroduction to Environmental Geology a5 bPearsonc2025